书目信息 |
| 题名: |
北岳恒山与悬空寺
|
|
| 作者: | 王宝库 , 王鹏 撰文 ;王昊 摄影 | |
| 分册: | ||
| 出版信息: | 北京 中国建筑工业出版社 2015 |
|
| 页数: | 87页 | |
| 开本: | 21cm | |
| 丛书名: | ||
| 单 册: | ||
| 中图分类: | K928.3 | |
| 科图分类: | ||
| 主题词: | ||
| 电子资源: | ||
| ISBN: | 978-7-112-15719-8 | |
| 000 | 00958nam0 2200265 450 | |
| 001 | 0100004456 | |
| 005 | 20190305164539.75 | |
| 010 | @a978-7-112-15719-8@dCNY48.00 | |
| 100 | @a20160107d2015 em y0chiy50 ea | |
| 101 | 0 | @achi |
| 102 | @aCN@b110000 | |
| 105 | @aa z 000yy | |
| 200 | 1 | @a北岳恒山与悬空寺@f王宝库,王鹏撰文@g王昊摄影@Abei yue heng shan yu xuan kong si |
| 210 | @a北京@c中国建筑工业出版社@d2015 | |
| 215 | @a87页@c图,照片@d21cm | |
| 300 | @a筑境 中国精致建筑100/程里尧总主编 | |
| 330 | @a本书以简要文字和大量精美图片,宣传、介绍了五岳之一的北岳恒山迤逦雄伟的风光及道教建筑悬空寺、北岳庙、九天宫、三清殿、建梵宫、大云寺、千佛塔等,以及北岳恒山大事年表。 | |
| 607 | @a恒山@x介绍 | |
| 607 | @a恒山@x寺庙@x建筑艺术 | |
| 690 | @aK928.3@v5 | |
| 701 | 0 | @a王宝库@f(1945~)@Awang bao ku@4撰文 |
| 701 | 0 | @a王鹏@Awang peng@4撰文 |
| 702 | 0 | @a王昊@Awang hao@4摄影 |
| 801 | 0 | @aCN@c20160515 |
| 905 | @a河南城建学院图书馆@dK928.3@eW103 | |
| 北岳恒山与悬空寺/王宝库,王鹏撰文/王昊摄影.-北京:中国建筑工业出版社,2015 |
| 87页:图,照片;21cm |
| 筑境 中国精致建筑100/程里尧总主编 |
| ISBN 978-7-112-15719-8:CNY48.00 |
| 本书以简要文字和大量精美图片,宣传、介绍了五岳之一的北岳恒山迤逦雄伟的风光及道教建筑悬空寺、北岳庙、九天宫、三清殿、建梵宫、大云寺、千佛塔等,以及北岳恒山大事年表。 |
| ● |
| 相关链接 |
|
|
|
正题名:北岳恒山与悬空寺
索取号:K928.3/W103
 
预约/预借
| 序号 | 登录号 | 条形码 | 馆藏地/架位号 | 状态 | 备注 |
| 1 | 1283732 | 212837322 | 社科库309/309社科库 15排4列4层/ [索取号:K928.3/W103] | 在馆 | |
| 2 | 1283733 | 212837331 | 社科库309/309社科库 15排4列4层/ [索取号:K928.3/W103] | 在馆 | |
| 3 | 1283734 | 212837340 | 社科库309/309社科库 15排4列4层/ [索取号:K928.3/W103] | 在馆 | |
| 4 | 1304446 | 213044463 | 社科库309/309社科库 15排4列4层/ [索取号:K928.3/W103] | 在馆 |